000 01035nam a22002777a 4500
003 dpl
005 20180908150024.0
008 180908b xxu||||| |||| 00| 0 eng d
010 _aA-989357
020 _c150.00
035 _aA-989357, A-989360
037 _bCen Lib/Ret
040 _aDPL
_bHN
_c0
082 _a
_bबिजघा
100 _aबिजघावने, राधेलाल
_940
245 _aध्रुंवात /
_cराधेलाल बिजघावने
246 _aDhrunvaat /
_bby Radhe Lal Bijghavane
260 _aदिल्ली
_bपी.एन. प्रकाशन
_c1999
270 _a518/6-बी, विश्वास नगर, शाहदरा
_bदिल्ली
_e110032
300 _a144पृ.
_c21सेमी (सजिल्द)
650 _aहिन्दी साहित्य
_960354
650 _aउपन्यास
_960355
650 _aHindi literature
_960356
650 _aFiction
_98901
942 _2ddc
_cHN
_h
_mबिजघा
999 _c115199
_d115199